000 00379 a2200157 4500
001 12718
020 _a9788536802770
040 _cAnchieta - Aquarius
100 _aBellinghausen, Ingred Biesemeyer
240 1 0 _aVamos abraçar o mundinho
_lpor
245 1 0 _aVamos abraçar o mundinho
300 _a23
362 0 _a2007
650 4 _aLiteratura infanto-juvenil
942 _cBK
999 _c12718
_d12718